Every City in Michigan on a Map - Statistics

General Stats
  • This quiz has been taken 9,254 times
    6,335 since last reset
  • The average score is 38 of 281
Answers on the Map
Answers color-coded by a green-red scale on the quiz's map according to % correct below.
 
Answer Stats
City Population % Correct
Detroit 633,218
97%
Lansing 112,115
80%
Grand Rapids 196,608
74%
Ann Arbor 119,381
70%
Flint 79,661
64%
Kalamazoo 73,126
54%
Saginaw 43,185
51%
Dearborn 105,811
49%
Sault Ste. Marie 13,320
49%
Traverse City 15,707
48%
Marquette 21,079
46%
Mackinac Island 592
43%
East Lansing 48,528
41%
Bay City 32,082
37%
Muskegon 37,183
36%
Jackson 30,854
35%
Warren 136,655
35%
St. Clair 5,887
34%
Battle Creek 52,175
33%
Holland 34,540
33%
Sterling Heights 133,306
33%
Pontiac 61,689
32%
Port Huron 28,383
31%
Ypsilanti 19,393
31%
Troy 87,339
29%
Houghton 8,508
27%
Midland 42,663
27%
Monroe 20,089
27%
Livonia 92,185
26%
Rochester 12,779
26%
Novi 66,314
25%
Springfield 5,281
25%
Alpena 10,130
24%
Farmington 11,391
24%
Grosse Pointe 5,449
24%
Mount Pleasant 20,859
23%
Wyoming 77,451
23%
Auburn 2,044
22%
Benton Harbor 8,875
22%
Cadillac 10,430
22%
Dearborn Heights 60,872
22%
Gaylord 4,374
22%
Birmingham 21,434
21%
Hamtramck 27,339
21%
Royal Oak 57,452
21%
Farmington Hills 82,528
20%
Grand Haven 11,002
20%
Iron Mountain 7,519
20%
Petoskey 5,846
20%
Rochester Hills 76,002
20%
Southfield 75,687
20%
Escanaba 12,343
19%
Plymouth 9,153
19%
Taylor 61,241
19%
Auburn Hills 25,597
18%
Portage 49,302
18%
St. Clair Shores 57,548
18%
St. Ignace 2,293
18%
Bad Axe 2,977
17%
Bloomfield Hills 4,377
17%
Cheboygan 4,847
17%
Kentwood 53,987
17%
Ludington 7,597
17%
St. Joseph 7,729
17%
Wayne 17,078
17%
Westland 82,574
17%
Big Rapids 7,912
16%
Brighton 7,958
16%
Charlevoix 2,347
16%
South Haven 4,001
16%
Manistee 6,279
15%
Romulus 24,702
15%
Adrian 20,238
14%
Ferndale 19,083
14%
Frankenmuth 5,163
14%
Howell 10,008
14%
Munising 1,963
14%
Allen Park 27,528
13%
East Grand Rapids 11,429
13%
Grand Blanc 7,925
13%
Grayling 1,946
13%
Hillsdale 7,998
13%
Hudson 2,362
13%
Ironwood 4,957
13%
Lapeer 9,128
13%
Madison Heights 28,238
13%
Menominee 8,207
13%
Niles 11,665
13%
Northville 5,982
13%
Saugatuck 875
13%
Wyandotte 24,057
13%
Alma 9,364
12%
Charlotte 9,242
12%
Clare 3,278
12%
Coldwater 14,439
12%
Eastpointe 33,676
12%
Greenville 8,989
12%
Highland Park 8,443
12%
Inkster 25,056
12%
Ionia 12,249
12%
Ishpeming 6,183
12%
New Buffalo 1,693
12%
Oak Park 29,023
12%
Rockford 6,171
12%
Saline 9,006
12%
St. Johns 7,699
12%
Trenton 17,891
12%
Zeeland 5,645
12%
Albion 7,329
11%
Chelsea 5,364
11%
Fenton 11,863
11%
Frankfort 1,277
11%
Hancock 4,507
11%
Harrison 2,162
11%
Hart 2,055
11%
Lincoln Park 38,646
11%
Norton Shores 25,005
11%
Roseville 46,666
11%
Utica 5,124
11%
Allegan 5,162
10%
Belleville 3,904
10%
Berkley 14,934
10%
Garden City 26,325
10%
Grandville 16,682
10%
Grosse Pointe Farms 9,757
10%
Iron River 3,032
10%
Manchester 2,037
10%
Manistique 2,860
10%
Marshall 6,774
10%
Mason 8,153
10%
Milan 6,009
10%
Muskegon Heights 9,815
10%
New Baltimore 11,992
10%
Owosso 14,581
10%
Portland 3,797
10%
River Rouge 6,882
10%
Southgate 29,002
10%
South Lyon 11,941
10%
Sturgis 11,012
10%
Three Rivers 7,928
10%
Walker 25,289
10%
Walled Lake 7,297
10%
Wixom 17,134
10%
Boyne City 3,831
9%
Burton 29,376
9%
Clarkston 909
9%
Clawson 11,176
9%
Dexter 4,509
9%
Flat Rock 10,289
9%
Fraser 14,434
9%
Grand Ledge 7,784
9%
Grosse Pointe Park 11,124
9%
Grosse Pointe Shores 2,542
9%
Grosse Pointe Woods 15,854
9%
Harbor Springs 1,270
9%
Harper Woods 14,895
9%
Hazel Park 14,808
9%
Hudsonville 7,879
9%
Mount Clemens 15,378
9%
Richmond 5,831
9%
St. Louis 7,008
9%
Tawas City 1,843
9%
Tecumseh 8,596
9%
Center Line 8,354
8%
Davison 5,056
8%
DeWitt 4,779
8%
East Tawas 2,680
8%
Ecorse 8,941
8%
Flushing 8,243
8%
Gladwin 3,117
8%
Grant 979
8%
Hastings 7,512
8%
Ithaca 2,813
8%
Lake City 839
8%
Lowell 4,103
8%
Marysville 9,917
8%
Melvindale 12,402
8%
Newaygo 2,542
8%
North Muskegon 4,082
8%
Rogers City 2,909
8%
West Branch 2,358
8%
Algonac 4,125
7%
Buchanan 4,191
7%
Caseville 644
7%
Clio 2,471
7%
Douglas 1,411
7%
Dowagiac 5,673
7%
East Jordan 2,250
7%
Eaton Rapids 5,165
7%
Fremont 4,595
7%
Gibraltar 4,873
7%
Gladstone 5,237
7%
Huntington Woods 6,260
7%
Imlay City 3,744
7%
Keego Harbor 2,729
7%
Norway 2,837
7%
Reed City 2,521
7%
Riverview 11,976
7%
Sandusky 2,685
7%
Standish 1,457
7%
Swartz Creek 5,840
7%
Whitehall 3,105
7%
Williamston 3,772
7%
Zilwaukee 1,498
7%
Belding 5,972
6%
Bessemer 1,779
6%
Caro 4,272
6%
Cedar Springs 3,671
6%
Coopersville 4,846
6%
Corunna 3,022
6%
Crystal Falls 1,612
6%
Essexville 3,304
6%
Hartford 2,479
6%
Kingsford 5,134
6%
Lathrup Village 4,013
6%
Marine City 4,017
6%
Montague 2,417
6%
Negaunee 4,653
6%
Otsego 4,054
6%
Pinconning 1,184
6%
Plainwell 3,747
6%
Rockwood 3,135
6%
Wakefield 1,681
6%
Woodhaven 12,559
6%
Au Gres 961
5%
Bangor 1,977
5%
Beaverton 1,170
5%
Bridgman 2,053
5%
Coloma 1,424
5%
Croswell 2,296
5%
Durand 3,470
5%
Evart 1,765
5%
Fennville 1,739
5%
Ferrysburg 2,931
5%
Galesburg 2,059
5%
Harbor Beach 1,576
5%
Harrisville 448
5%
Jonesville 2,171
5%
Laingsburg 1,414
5%
Lake Angelus 288
5%
Linden 4,160
5%
Luna Pier 1,353
5%
Marlette 1,853
5%
Memphis 1,062
5%
Mount Morris 3,092
5%
Olivet 1,347
5%
Omer 283
5%
Onaway 912
5%
Orchard Lake Village 2,206
5%
Perry 2,126
5%
Pleasant Ridge 2,577
5%
Reading 1,085
5%
Rose City 579
5%
Sylvan Lake 1,702
5%
Vassar 2,698
5%
Watervliet 1,650
5%
Wayland 4,484
5%
White Cloud 1,477
5%
Yale 1,890
5%
Bronson 2,272
4%
Brown City 1,295
4%
Carson City 1,123
4%
Caspian 818
4%
Coleman 1,269
4%
Gaastra 320
4%
Gobles 842
4%
Leslie 1,903
4%
Litchfield 1,384
4%
Manton 1,449
4%
McBain 647
4%
Montrose 1,709
4%
Morenci 2,222
4%
Ovid 1,485
4%
Parchment 1,893
4%
Potterville 3,092
4%
Roosevelt Park 4,132
4%
Scottville 1,356
4%
Stanton 1,372
4%
Stephenson 799
4%
Petersburg 1,156
3%
Whittemore 418
3%
No matching quizzes found
Score Distribution
Percent of People with Each Score
Percentile by Number Answered
Your Score History
You have not taken this quiz since the last reset